| 000 | 00780cab a2200253 4500 | ||
|---|---|---|---|
| 001 | A64 | ||
| 008 | 090401t1990 xxu||||| |||| 00| 0 eng d | ||
| 035 | _a(Sirsi) u32065 | ||
| 041 | _aeng | ||
| 100 | _aBoutle, David | ||
| 245 | _aSurvey information processing systems in the Royal Navy | ||
| 260 | _c1990 | ||
| 350 | _a0 | ||
| 490 |
_aLand & Minerals Surveying _v8(9) September 1990, 435-441(7) |
||
| 520 | _aEdited version of paper given by Lt Cdr David Boutle at FIG XIX in Helsinki, June 1990. | ||
| 650 | _aAUTOMATED DATA LOGGING SYSTEMS | ||
| 650 | _aHYDROGRAPHIC SURVEYING | ||
| 650 | _aROYAL NAVY | ||
| 650 | _aSIPS DATA LOGGING SYSTEM | ||
| 650 | _aSURVEY INFORMATION PROCESSING SYSTEM | ||
| 690 | _aMARINE RESOURCES | ||
| 942 | _n0 | ||
| 948 | _c04/03/1997 | ||
| 999 |
_c21521 _d21521 |
||